Statistics for Countries with the Highest Average Annual Wage

Click here to take the quiz!

General Stats

  • This quiz has been taken 230 times
  • The average score is 19 of 21

Answer Stats

IncomeCountry% Correct
58,714United States
99%
40,909Sweden
97%
50,908Norway
96%
47,843Canada
95%
41,252France
95%
44,925Germany
95%
41,384United Kingdom
94%
50,024Denmark
93%
36,325Spain
93%
58,389Switzerland
93%
50,167Australia
92%
40,731Finland
92%
35,780Japan
90%
60,369Luxembourg
90%
50,670Netherlands
90%
47,702Belgium
89%
34,140Italy
89%
46,084Austria
88%
46,074Ireland
85%
33,110South Korea
79%
33,085Slovenia
34%

Score Distribution

Percentile by Number Answered

Percent of People with Each Score

Your Score History

You have not taken this quiz